书目信息 |
| 题名: |
世界地理
|
|
| 作者: | ;人民教育出版社地理室 编 | |
| 分册: | 上册 | |
| 出版信息: | 北京 人民教育出版社 1987 |
|
| 页数: | 126页 | |
| 开本: | 19cm | |
| 丛书名: | ||
| 单 册: | ||
| 中图分类: | G634.56 | |
| 科图分类: | ||
| 主题词: | 教育--各级 | |
| 电子资源: | ||
| ISBN: | 7-107-00302-X | |
| 000 | 00606nam0 2200205 45 | |
| 001 | 0405081090 | |
| 005 | 20040707102228.3 | |
| 010 | @a7-107-00302-X@dCNY0.40 | |
| 100 | @a20040508d1987 km y0chiy0120 ea | |
| 101 | 0 | @achi |
| 105 | @a z 000yy | |
| 200 | 1 | @a世界地理@h上册@AShi Jie Di Li@f人民教育出版社地理室编@FRen Min Jiao YuChu Ban She Di Li Shi Bian |
| 205 | @a2版 | |
| 210 | @a北京@c人民教育出版社@d1987 | |
| 215 | @a126页@c彩图@d19cm | |
| 606 | 0 | @a教育@x各级 |
| 690 | @aG634.56@v3 | |
| 711 | 02 | @a人民教育出版社地理室@4编 |
| 801 | @aCN@bPftUser@c20040508 | |
| 905 | @f1@b211022@dG634.56@e86:1=2 | |
| 世界地理.上册/人民教育出版社地理室编.-2版.-北京:人民教育出版社,1987 |
| 126页:彩图;19cm |
| ISBN 7-107-00302-X:CNY0.40 |
| ● |
| 相关链接 |
|
|
|
|
正题名:世界地理
索取号:G634.56/86:1=2
 
预约/预借
| 序号 | 登录号 | 条形码 | 馆藏地/架位号 | 状态 | 备注 |
| 1 | 0211022 | 001955646 | 第一样本阅览室/ [索取号:G634.56/86:1=2] | 在馆 |